| 000 | 00328cam a2200133Ii 4500 | ||
|---|---|---|---|
| 040 | _cIOI | ||
| 082 | _a372 GRI 1946 A021 Or. | ||
| 100 | 1 | _aKarr, Harrison M | |
| 245 | 1 | 0 | _aNow you're talking! / |
| 260 |
_aGlendale, Calif. : _bGriffin-Patterson, _cc1946 |
||
| 300 |
_a136 p. : _bill. ; _c22 cm |
||
| 650 | 0 | _aSpeech | |
| 942 | _cEK | ||
| 999 |
_c13559 _d13559 |
||